Terminus de toutes les lignes de tramway françaises - Statistiques

Statistiques générales
  • Ce quiz a été pris 36 fois
    13 depuis la dernière actualisation
  • Le résultat moyen est 33 sur 193
Statistiques - réponses
Ville et mode Ligne Terminus % Correct
Aéroport (Blagnac)
50%
Tramway T2 Pont de Bezons
50%
Tramway T6 Châtillon-Montrouge
42%
Tramway 2 Jacou
42%
Montpellier Tramway 1 Mosson
42%
Pérols Étang de l'Or
42%
Tramway T3b Porte Dauphine
42%
Tramway T9 Porte de Choisy
42%
Porte de Versailles
42%
Porte de Vincennes
42%
Viroflay - Rive Droite
42%
Île-de-France Tramway T1 Asnières - Quatre Routes
33%
Aulnay-sous-Bois
33%
Beaujoire
33%
Carle Vernet
33%
Lyon Tramway T1 | Tramway T6 Debourg
33%
Évry - Courcouronnes
33%
Gare de Noisy-le-Sec
33%
Lille Tramway R | Tramway T Gare Lille Flandres
33%
Rhônexpress Gare Part-Dieu
33%
Tramway T3 Gare Part-Dieu - Villette
33%
Gare Viotte
33%
Tramway T10 Jardin Parisien
33%
Tramway 3 Juvignac
33%
Tramway T4 La Doua Gaston Berger
33%
Le Bourget
33%
Tramway T12 Massy - Palaiseau
33%
MEETT
33%
Orly - Gaston Viens
33%
Toulouse Tramway T1 | Tramway T2 Palais de Justice
33%
Saint-Cyr
33%
Tramway T13 Saint-Germain-en-Laye
33%
Saint-Jean-de-Védas Centre
33%
Tourcoing Centre
33%
Aéroport St Exupéry
25%
Tramway B Berges de la Garonne
25%
Tramway T4 Bondy
25%
Décines OL Vallée
25%
Épinay - Orgemont
25%
Tramway T11 Épinay-sur-Seine
25%
Eurexpo
25%
Floirac Dravemont
25%
Nantes Tramway 1 François Mitterand
25%
Tram-train | Tramway 1 | Tramway 3 | Tramway C Gare Centrale
25%
Gare de Pont Rousseau
25%
Garges - Sarcelles
25%
Tramway T5 Grange Blanche
25%
Hôpital Feyzin Vénissieux
25%
Tramway T2 Hôtel Région Montrochet
25%
IUT Feyssine
25%
Kehl Rathaus
25%
La Croix de Berny
25%
La Gardette Bassens Carbon Blanc
25%
La Pardieu - Gare
25%
Bordeaux Tramway A Le Haillan Rostand
25%
Meyzieu Les Panettes
25%
Neustrie
25%
Odysseum
25%
Pessac Alouette
25%
Tramway T3a Pont du Garigliano -Hôpital Européen Georges Pompidou
25%
Roubaix Eurotéléport
25%
Dernière stationen France Saint-Exupéry
25%
Tramway T7 Vaulx-en-Velin - La Soie
25%
Tramway T7 Villejuif - Louis Aragon
25%
Tramway C Villenave Pyrénées
25%
Villetaneuse - Université
25%
Annemasse Tramway 17(Genève) Annemasse/Parc Montessuit
17%
Athis-Mons - Porte de l'Essonne
17%
Angers Tramway A Avrillé Ardenne
17%
Tramway T3 Bellevue
17%
Tramway T2 Bellevue - Hauts de Coulaines
17%
Rouen "Métro" Boulingrin
17%
Chalezeule
17%
Dijon Tramway T1 Dijon Gare
17%
Tramway D Eysines Cantinolle
17%
Gare de Blanquefort
17%
Gières - Plaine des Sports
17%
Hôpital de Montfermeil
17%
Hôpitaux Est Pinel
17%
La Blancarde
17%
Le Havre Tramway A | Tramway B La Plage
17%
Lattes Centre
17%
Lycée Jean Monnet
17%
Tramway T5 Marché de Saint-Denis
17%
Marseille Tramway T1 Noailles
17%
Tramway 2 Orvault - Grand Val
17%
Parc des Expositions -Stade Matmut Atlantique
17%
Pessac Centre
17%
Pont de Claix - L'Étoile
17%
Ranzay
17%
Tramway T8 Saint-Denis - Porte de Paris
17%
Saint-Martin-d'Hères - Condillac Universités
17%
Saint-Martin-d'Hères - Étienne Grappe
17%
Tramway D Saint-Martin-d'Hères - Les Taillées Universités
17%
Saint-Priest Bel-Air
17%
Avignon Tramway T1 Saint-Roch - Université des Métiers
17%
Tours Tram A Vaucaunson
17%
Aéroport Terminal 2
8%
Angers-Roseraie
8%
Antarès
8%
Tramway T2 | Tramway T3 Arenc Le Silo
8%
Tramway B | Tramway C Belle-Beille Campus
8%
CADAM/Centre Administratif
8%
Tramway 2 Campus 2
8%
Campus d'Illkirch
8%
Castellane
8%
Châtaignier
8%
Châteaucreux Gare
8%
Tramway 3 Château Quatrans
8%
Tramway T2 Chenôve Centre
8%
Tramway T2 Cité du Design
8%
Clos du Hameau
8%
Tramway F Comtes
8%
Coteaux
8%
Famars/Université
8%
Fleury - Hauts de l'Orne
8%
Grenoble Tramway A Fontaine - La Poya
8%
Tramway E Fontanil-Cornillon - Palluel
8%
Gare Champagne TGV
8%
Aubagne Ligne T Gare d'Aubagne
8%
Tramway B Georges Pompidou
8%
Graffenstaden
8%
Besançon Tramway T1 | Tramway T2 Hauts-du-Chazal
8%
Caen Tramway 1 Hérouville Saint-Clair
8%
Tramway B Hœnheim Gare
8%
Hôpital de la Source
8%
Saint-Étienne Tramway T1 Hôpital Nord
8%
IFS/Jean Vilar
8%
Orléans Tramway A Jules Verne
8%
Les Caillols
8%
Lingolsheim Tiergaertel
8%
Louise Michel
8%
Lutterbach Gare
8%
Tramway 3 Marcel Paul
8%
Monplaisir
8%
Neuhof Rodolphe Reuss
8%
Tramway 2 Nouveau Bassin
8%
Tramway B Oxford
8%
Strasbourg Tramway A Parc des Sports
8%
Place d'Islande
8%
Tramway 2 Port Lympia
8%
Tramway D Poteries
8%
Presqu'Île
8%
Tramway 4 Ring
8%
Tramway E Robertsau L'Escale
8%
Saint-Chamand - Plaine des Sports
8%
Saint-Louis Tramway 3(Bâle) Saint-Louis Gare
8%
Tramway C Seyssins - Le Prisme
8%
Solaure
8%
Terrasse
8%
Thann Saint-Jacques
8%
Le Mans Tramway T1 Université
8%
Terminus suisse Birsfelden Hard
0%
Valenciennes Tramway T1 Denain/Espace Villars
0%
Terminus suisse est Dornach Bahnhof
0%
Espal - Arche de la Nature
0%
Dernière stationen France Gaillard/Libération
0%
(première branche) Georges Braque
0%
Grand Hameau
0%
Nice Tramway 1 Henri Sappia
0%
Hôpital Debré
0%
Hôpital Pasteur
0%
Terminus suisse Lancy-Pont-Rouge, Gare
0%
Le Charrel
0%
Clermont-Ferrand Tramway A Les Vergnes
0%
Leymen Tramway 10(Bâle), unique arrêt en France Leymen
0%
Reims Tram A | Tram B Neufchâtel
0%
Porte de Gouesnou
0%
Porte de Guipavas
0%
Brest Tramway A Porte de Plouzané
0%
Pré Fleuri
0%
Quetigny Centre
0%
Terminus suisse ouest Rodersdorf
0%
Saint-Isidore
0%
(seconde branche) Technopôle
0%
Valmy
0%
Tramway T2 Vieux-Condé/Le Boulon
0%
Vosges
0%
Aucun quiz correspondant
Distribution des résultats
% des personnes avec chaque résultat
Percentile par nombre de réponses
Votre historique - résultats
Vous n’avez pas pris ce quiz depuis la dernière actualisation